| 000 | 00708 a2200181 4500 | ||
|---|---|---|---|
| 999 |
_c4015 _d4015 |
||
| 020 | _a0201571641 | ||
| 050 | 0 | 0 | _aQA76.73. LEW 1998 |
| 100 | 1 |
_aLewis, John, _d1963- _eauthor |
|
| 245 | 1 | 0 |
_aJava software solutions : _bfoundations of program design / _cJohn Lewis, William Loftus. |
| 264 |
_aHarlow: _bAddison wesley., _c1998 |
||
| 300 |
_axxii, 857 p. : _bill. (some col.) ; |
||
| 500 | _aIncludes index. | ||
| 650 | 0 | _aJava (Computer program language) | |
| 650 | 0 | _aObject-oriented programming (Computer science) | |
| 700 | 1 | _aLoftus, William. | |
| 942 |
_2lcc _cBK _h76.625 _iLEW _kQA |
||